000 00575nam a2200193Ia 4500
003 GCL
008 140319s9999 xx 000 0 ara d
040 _aGCL /
_cGCL
082 0 4 _a822
_bب ش
100 1 _aانيس منصور
245 1 0 _aشخص غريب /
_cانيس منصور
700 1 _aبهان، برندان (مترجم)
300 _a160 ص
490 _aروائع المسرح العالمى
_v0
650 0 4 _aالادب الانجليزى
650 0 4 _aالمسرح الانجليزى
650 0 4 _aالمسرحيات المترجمة
942 _2ddc
_cBK
999 _c38351
_d38351